00916nam a2200253Ia 450000500170000000800410001702000150005804100080007308200190008110000350010024501160013525000180025130000640026949000110033350000550034465000370039965000320043665000380046826400330050633600270053933700330056633800280059904000350062720220317001856.0170410s2005 a ao g 000 0 s  a9502411048 aspa04a616.0252bS64g1 aSoldano Deheza, María Inés10aGuía práctica para padres en primeros auxilios y enfermedades de la infanciacMaría Inés Soldano Deheza a1a. edición a128 páginasbilustraciones, fotografías en colorc26 cm aCrecer aIncluye datos biográficos de la autora en solapa142LEMBaNiñosvAtención medica142LEMBaNiñosvEnfermedades142LEMBaPrimeros auxiliosvManuales aBuenos AiresbAlbatrosc2005 atextobtxt2rdacontent asin mediaciónbn2rdamedia avolumenbnc2rdacarrier aCO-BoRNBPbspaerdacCO-BoRNBP